[Event "Druzynowe Mistrzostwa Polski w Szachach I LIGA 2021"]
[Site "Szklarska Poreba"]
[Date "1899-12-30"]
[Round "4.66"]
[White "Dylag, Emilia"]
[Black "Budkiewicz, Magdalena"]
[Result "0-1"]
[WhiteTitle "WFM"]
[BlackTitle "k"]
[WhiteElo "2065"]
[BlackElo "1827"]

1. d4 f5 2. c4 Nf6 3. Nc3 b6 4. e3 Bb7 5. f3 e6 6. Bd3 Bb4 7. Qc2 O-O 8. Nge2 d6
9. O-O Bxc3 10. Qxc3 Nbd7 11. b4 c5 12. a3 Rc8 13. Qb3 Ba8 14. Bb2 Qe7 15. Rae1
d5 16. Ng3 b5 17. Qa2 dxc4 18. dxc5 cxd3 19. Nxf5 Qf7 20. Nd6 Bd5 21. Qa1 Qg6
22. Qc1 Nb6 23. Bc3 Nc4 24. Nxb5 a6 25. Nd4 e5 26. Nb3 e4 27. Bxf6 Rxf6 28. f4
Nxe3 29. Rxe3 Bxb3 30. Rg3 Qf7 31. Qc3 Bc4 32. Rc1 Bb5 0-1

[Event "Druzynowe Mistrzostwa Polski w Szachach I LIGA 2021"]
[Site "Szklarska Poreba"]
[Date "1899-12-30"]
[Round "4.67"]
[White "Lubczynski, Rafal"]
[Black "Klimkowski, Jan"]
[Result "1/2-1/2"]
[WhiteTitle "IM"]
[BlackTitle "FM"]
[WhiteElo "2429"]
[BlackElo "2342"]

1. Nf3 Nf6 2. c4 e6 3. g3 a6 4. Bg2 b5 5. O-O bxc4 6. Qa4 Bb7 7. Na3 Bxa3 8. bxa3
O-O 9. Qxc4 d6 10. Rb1 Bd5 11. Qc2 e5 12. Nh4 Nbd7 13. f4 e4 14. Bb2 Re8 15. Bc3
Nb6 16. Nf5 Nc4 17. Qa4 1/2-1/2

[Event "Druzynowe Mistrzostwa Polski w Szachach I LIGA 2021"]
[Site "Szklarska Poreba"]
[Date "1899-12-30"]
[Round "4.68"]
[White "Szadkowski, Kamil"]
[Black "Chojnacki, Krzysztof"]
[Result "1/2-1/2"]
[WhiteTitle "FM"]
[BlackTitle "IM"]
[WhiteElo "2338"]
[BlackElo "2377"]

1. e4 e5 2. Nf3 Nc6 3. Bb5 a6 4. Ba4 Nf6 5. O-O Be7 6. Re1 b5 7. Bb3 d6 8. c3 O-O
9. h3 Nb8 10. d4 Nbd7 11. Nbd2 Bb7 12. Bc2 Re8 13. Nf1 Bf8 14. Ng3 g6 15. a4 c5
16. d5 c4 17. Bg5 Nc5 18. Qd2 Be7 19. Rf1 Nfd7 20. Bh6 Nxa4 21. Bxa4 bxa4 22.
Rxa4 a5 23. Be3 Ba6 24. Nh2 Bh4 25. Ne2 Qc7 26. Ng4 h5 27. Nh6+ Kg7 28. f4 Rf8
29. fxe5 dxe5 30. d6 Qc6 31. Bg5 Qxa4 32. Bxh4 f6 33. Ng3 Qc6 34. Nhf5+ gxf5 35.
Nxf5+ Kf7 36. Qh6 Ke6 37. Rd1 Qxe4 38. Qh7 Bb7 39. Ng7+ Kf7 40. Nf5+ Ke6 41. Ng7+
Kf7 42. Nf5+ 1/2-1/2

[Event "Druzynowe Mistrzostwa Polski w Szachach I LIGA 2021"]
[Site "Szklarska Poreba"]
[Date "1899-12-30"]
[Round "4.69"]
[White "Raczynski, Krzysztof"]
[Black "Snihur, Piotr"]
[Result "0-1"]
[WhiteTitle "k+"]
[BlackTitle "k+"]
[WhiteElo "2193"]
[BlackElo "2272"]

1. e4 c5 2. Nf3 d6 3. d4 cxd4 4. Nxd4 Nf6 5. Nc3 a6 6. Bg5 Nbd7 7. f4 e6 8. Qf3
Be7 9. O-O-O Qc7 10. g4 b5 11. Bxf6 Nxf6 12. f5 b4 13. Nce2 e5 14. g5 Nxe4 15.
f6 Bb7 16. Bg2 exd4 17. fxe7 Qxe7 18. h4 d3 19. Ng3 Nc5 20. Qf2 O-O 21. Bxb7 Qxb7
22. Nf5 dxc2 23. Qxc2 Rac8 24. Nxd6 b3 25. axb3 Nd3+ 26. Kb1 Rxc2 27. Nxb7 Rxb2+
28. Ka1 Rxb3 29. Ka2 Rxb7 30. Rxd3 Rfb8 31. Rhd1 g6 32. Ka3 Kg7 33. Rf1 Rb5 34.
Rf4 Ra5+ 35. Ra4 Rxa4+ 36. Kxa4 Rb5 37. Rd6 Rf5 38. Rd4 h6 39. Rg4 hxg5 40. hxg5
Rb5 41. Rg1 f6 42. gxf6+ Kxf6 43. Rf1+ Ke5 0-1

[Event "Druzynowe Mistrzostwa Polski w Szachach I LIGA 2021"]
[Site "Szklarska Poreba"]
[Date "1899-12-30"]
[Round "4.70"]
[White "Leskiewicz, Ignacy"]
[Black "Wojdak, Jan"]
[Result "1-0"]
[WhiteTitle "k"]
[BlackTitle "I++"]
[WhiteElo "2169"]
[BlackElo "2185"]

1. e4 e5 2. Nf3 Nc6 3. Bb5 a6 4. Ba4 Nf6 5. O-O Be7 6. Re1 b5 7. Bb3 d6 8. c3 O-O
9. h3 Nb8 10. d4 Nbd7 11. Nbd2 Bb7 12. Bc2 Re8 13. Nf1 Bf8 14. Ng3 g6 15. h4 h5
16. Bg5 Bg7 17. Qd2 c5 18. Rad1 Qc7 19. a4 Rac8 20. dxc5 dxc5 21. axb5 axb5 22.
Qd6 Re6 23. Qxc7 Rxc7 24. Nf1 Re8 25. Rd6 Ng4 26. Red1 Bc8 27. c4 f6 28. Bc1 Bf8
29. R6d2 b4 30. Ba4 Re7 31. Rd6 Rf7 32. Rc6 Nb8 33. Rxc7 Rxc7 34. Ne1 f5 35. exf5
gxf5 36. Rd8 Kg7 37. Ng3 Be7 38. Nxh5+ Kh7 39. Re8 Kg6 40. Rh8 Bd7 41. Bc2 b3
42. Bxb3 Nc6 43. f3 Bxh4 44. g3 Bf6 45. Rg8+ Kf7 46. fxg4 Kxg8 47. Nxf6+ Kf7 48.
Nxd7 Rxd7 49. Ba4 fxg4 50. Be3 Rc7 51. Bxc5 Nd4 52. Bxd4 exd4 53. Bd1 Kf6 54.
b3 Ke5 55. Kf2 Rf7+ 56. Ke2 Rh7 57. Nd3+ Kf5 58. Nf2 Rh2 59. Kf1 d3 60. Nxd3 Rh1+
61. Ke2 Rg1 62. b4 Rxg3 63. b5 Ke6 64. b6 Kd7 65. Ba4+ Kc8 66. Bc6 Rh3 67. Nc5
Rh2+ 68. Kf1 Rb2 69. Nd7 1-0

[Event "Druzynowe Mistrzostwa Polski w Szachach I LIGA 2021"]
[Site "Szklarska Poreba"]
[Date "1899-12-30"]
[Round "4.71"]
[White "Bardeli, Lukasz"]
[Black "Kwiatkowski, Wiktor"]
[Result "0-1"]
[WhiteTitle "FM"]
[BlackTitle "I++"]
[WhiteElo "2178"]
[BlackElo "2077"]

1. Nf3 Nf6 2. g3 d5 3. c4 e6 4. Bg2 Be7 5. O-O O-O 6. b3 c5 7. Bb2 d4 8. e3 Nc6
9. exd4 cxd4 10. Re1 Re8 11. a3 a5 12. Ne5 Nxe5 13. Rxe5 Nd7 14. Rb5 e5 15. b4
Qc7 16. d3 Nf6 17. Nd2 axb4 18. axb4 Rxa1 19. Qxa1 b6 20. Nf3 Bd6 21. Nxd4 exd4
22. Bxd4 Qe7 23. h3 Bxb4 24. Rxb6 Nd7 25. Rb5 Qd6 26. Qa7 Bd2 27. Rd5 Qe6 28.
c5 Qe1+ 29. Kh2 Nf6 30. Rd6 Bc3 31. Be3 Be5 32. Rb6 Bxg3+ 33. fxg3 Qxe3 34. Rb3
Ng4+ 35. hxg4 Qh6+ 36. Kg1 Re1+ 37. Bf1 Qh3 0-1

[Event "Druzynowe Mistrzostwa Polski w Szachach I LIGA 2021"]
[Site "Szklarska Poreba"]
[Date "1899-12-30"]
[Round "4.72"]
[White "Pastuszko, Kinga"]
[Black "Szelag, Zuzanna"]
[Result "1-0"]
[WhiteTitle "k+"]
[BlackTitle "k"]
[WhiteElo "1984"]
[BlackElo "1839"]

1. e4 c5 2. Nf3 d6 3. d4 cxd4 4. Nxd4 Nf6 5. Nc3 a6 6. Be3 e5 7. Nf3 Be7 8. Bc4
O-O 9. O-O Nbd7 10. Bb3 Qc7 11. Nh4 Nc5 12. Bd5 Ng4 13. Nf5 Nxe3 14. fxe3 Bf6
15. Qh5 Be6 16. Rf3 Rae8 17. Rh3 Bxf5 18. exf5 h6 19. Qg6 Ne6 20. Bxe6 fxe6 21.
Rxh6 Qc5 22. Qh7+ Kf7 23. Rxf6+ Ke7 24. Qxg7+ Kd8 25. Rxf8 1-0

[Event "Druzynowe Mistrzostwa Polski w Szachach I LIGA 2021"]
[Site "Szklarska Poreba"]
[Date "1899-12-30"]
[Round "4.73"]
[White "Fus, Jakub"]
[Black "Lewtak, Damian"]
[Result "1-0"]
[WhiteTitle "FM"]
[BlackTitle "IM"]
[WhiteElo "2376"]
[BlackElo "2397"]

1. e4 e5 2. Nf3 Nc6 3. Bc4 Bc5 4. c3 Nf6 5. d4 exd4 6. e5 d5 7. Bb5 Ne4 8. cxd4
Bb4+ 9. Nbd2 O-O 10. O-O Bxd2 11. Bxd2 Bg4 12. Be3 f6 13. exf6 Rxf6 14. Be2 Qd6
15. h3 Bxf3 16. Bxf3 Re8 17. Rc1 Ng3 18. Re1 Ref8 19. fxg3 Rxf3 20. Bf4 R3xf4
21. gxf4 Qxf4 22. Qb3 Qxd4+ 23. Kh1 Na5 24. Qb5 Nc4 25. Re8 Ne5 26. Rf1 Ng6 1-0

[Event "Druzynowe Mistrzostwa Polski w Szachach I LIGA 2021"]
[Site "Szklarska Poreba"]
[Date "1899-12-30"]
[Round "4.74"]
[White "Kumala, Aleksander"]
[Black "Baum, Jonasz"]
[Result "1/2-1/2"]
[WhiteTitle "CM"]
[BlackTitle "IM"]
[WhiteElo "2140"]
[BlackElo "2254"]

1. d4 d5 2. Bg5 f6 3. Bd2 Nc6 4. c4 e5 5. dxe5 dxc4 6. Nf3 Bg4 7. Qa4 Qd7 8. Qxc4
O-O-O 9. e6 Bxe6 10. Qa4 Bb4 11. a3 Bxd2+ 12. Nbxd2 Nge7 13. e3 g5 14. h3 h5 15.
O-O-O Qd6 16. Ne4 Qxd1+ 17. Qxd1 Rxd1+ 18. Kxd1 Rf8 1/2-1/2

[Event "Druzynowe Mistrzostwa Polski w Szachach I LIGA 2021"]
[Site "Szklarska Poreba"]
[Date "1899-12-30"]
[Round "4.75"]
[White "Dalkowski, Rafal"]
[Black "Kasperek, Ryszard"]
[Result "1-0"]
[WhiteTitle "k"]
[BlackTitle "m"]
[WhiteElo "2252"]
[BlackElo "2163"]

1. d4 Nf6 2. c4 c5 3. d5 g6 4. Nc3 Bg7 5. Nf3 d6 6. Nd2 O-O 7. e4 e6 8. Be2 exd5
9. cxd5 Nbd7 10. O-O Re8 11. Re1 Ne5 12. h3 g5 13. Nf1 g4 14. hxg4 Nexg4 15. Ng3
Qb6 16. Qc2 Bd7 17. a4 c4 18. Nd1 h5 19. Bg5 Rac8 20. Ra3 Qd4 21. Bf3 Nxd5 22.
Nxh5 c3 23. Nxg7 Qxg7 24. Bc1 cxb2 25. Qxb2 Qxb2 26. Bxb2 f5 27. Rd3 Nb4 28. Rxd6
Bxa4 29. Nc3 Bc6 30. Red1 Ne5 31. Bh5 Rf8 32. Ne2 Nc4 33. Rg6+ Kh7 34. Bc3 Na2
35. Ba1 Rcd8 36. Re1 fxe4 37. Ng3 e3 38. Rg7+ Kh6 39. Bf7 exf2+ 40. Kxf2 Rd2+
41. Ne2 Nb2 42. Rg6+ 1-0

[Event "Druzynowe Mistrzostwa Polski w Szachach I LIGA 2021"]
[Site "Szklarska Poreba"]
[Date "1899-12-30"]
[Round "4.76"]
[White "Puczylowski, Marcin"]
[Black "Jarzebowski, Kacper"]
[Result "0-1"]
[WhiteTitle "k"]
[BlackTitle "k+"]
[WhiteElo "2103"]
[BlackElo "2090"]

1. e4 Nf6 2. e5 Nd5 3. d4 d6 4. exd6 cxd6 5. c4 Nb6 6. Nf3 g6 7. b3 Bg7 8. Bb2
O-O 9. Qd2 Bg4 10. Be2 d5 11. h3 Bxf3 12. Bxf3 Nc6 13. c5 Nc8 14. O-O e6 15. b4
a6 16. a4 N8e7 17. b5 Na5 18. Qd3 Nc4 19. Bc3 axb5 20. axb5 Rxa1 21. Bxa1 Qa5
22. Nc3 Nf5 23. Nxd5 exd5 24. Bxd5 Na3 25. g4 Ne7 26. Bxb7 Qxb5 27. Qxb5 Nxb5
28. Re1 Bf6 29. d5 Bxa1 30. d6 Bc3 31. Re3 Nc8 32. Bxc8 Rxc8 33. d7 Rf8 34. c6
Bf6 35. g5 Bd8 36. Kg2 Nc7 37. h4 Ne6 38. Kg3 Nd4 39. Rc3 Ne2+ 0-1

[Event "Druzynowe Mistrzostwa Polski w Szachach I LIGA 2021"]
[Site "Szklarska Poreba"]
[Date "1899-12-30"]
[Round "4.77"]
[White "Janeczko, Jakub"]
[Black "Kanarkiewicz, Michal"]
[Result "1/2-1/2"]
[WhiteTitle "I++"]
[BlackTitle "k"]
[WhiteElo "2007"]
[BlackElo "2046"]

1. e4 c5 2. Nf3 Nc6 3. Bb5 g6 4. O-O Bg7 5. c3 e5 6. d4 cxd4 7. cxd4 exd4 8. Bf4
Nge7 9. Bd6 O-O 10. Nbd2 a6 11. Bd3 b6 12. b4 Bb7 13. Qb3 Na7 14. Rac1 Rc8 15.
e5 Rc3 16. Rxc3 dxc3 17. Qxc3 Nb5 18. Bxb5 axb5 19. Qd3 Re8 20. Rc1 Bc6 21. Nd4
Qa8 22. Bxe7 Rxe7 23. Nxc6 dxc6 24. f4 Ra7 1/2-1/2

[Event "Druzynowe Mistrzostwa Polski w Szachach I LIGA 2021"]
[Site "Szklarska Poreba"]
[Date "1899-12-30"]
[Round "4.78"]
[White "Kasperek, Joanna"]
[Black "Rejniak, Zuzanna"]
[Result "1-0"]
[WhiteTitle "k++"]
[BlackTitle "k"]
[WhiteElo "2053"]
[BlackElo "1810"]

1. e4 c5 2. Nf3 d6 3. d4 Nf6 4. Nc3 cxd4 5. Qxd4 a6 6. Be3 Nbd7 7. e5 dxe5 8. Nxe5
e6 9. Rd1 Qa5 10. Nc4 Qc5 11. Qf4 e5 12. Bxc5 exf4 13. Nd6+ Bxd6 14. Bxd6 b5 15.
Be2 Bb7 16. O-O f3 17. gxf3 O-O-O 18. a4 bxa4 19. Nxa4 Nd5 20. c4 N7b6 21. Nxb6+
Nxb6 22. c5 Rhe8 23. Rfe1 Na4 24. c6 Bxc6 25. Bxa6+ Bb7 26. Rc1+ Kd7 27. Bb5+
Kxd6 28. Rxe8 Rxe8 29. Bxe8 Nc5 30. Bxf7 Bxf3 31. Rc3 Be2 32. Rg3 Nd3 33. Rxg7
Nf4 34. Rxh7 Ke5 35. Be8 Bg4 36. b4 Ke4 37. Bc6+ Kd3 38. Rh4 Ne2+ 39. Kf1 Bf5
40. Bb5+ 1-0

[Event "Druzynowe Mistrzostwa Polski w Szachach I LIGA 2021"]
[Site "Szklarska Poreba"]
[Date "1899-12-30"]
[Round "5.1"]
[White "Kovalenko, Igor"]
[Black "Tomczak, Jacek"]
[Result "0-1"]
[WhiteTitle "GM"]
[BlackTitle "GM"]
[WhiteElo "2651"]
[BlackElo "2589"]

1. d4 Nf6 2. Nf3 g6 3. Nbd2 d5 4. e3 Bg7 5. b4 O-O 6. Be2 b6 7. Ba3 Nbd7 8. O-O
Re8 9. c4 e5 10. dxe5 Nxe5 11. Nxe5 Rxe5 12. Rc1 Re8 13. Bb2 a5 14. b5 Be6 15.
a4 Qd6 16. c5 bxc5 17. Ba3 Nd7 18. Nb3 Be5 19. h3 Rad8 20. Nxc5 Nb6 21. Bd3 Bc8
22. Qb3 Qe7 23. f4 Bd6 24. Rf3 Qf8 25. Kh1 Re7 26. Na6 Nc4 27. Bxd6 cxd6 28. Rg3
Bb7 29. Re1 Rc8 30. Qa2 Qg7 31. Rc1 Nxe3 32. Rxc8+ Bxc8 33. Nb8 Bb7 34. Qa3 Qd4
35. Kh2 Qxf4 36. Be2 Nf5 0-1

[Event "Druzynowe Mistrzostwa Polski w Szachach I LIGA 2021"]
[Site "Szklarska Poreba"]
[Date "1899-12-30"]
[Round "5.2"]
[White "Laurusas, Tomas"]
[Black "Neiksans, Arturs"]
[Result "1/2-1/2"]
[WhiteTitle "IM"]
[BlackTitle "GM"]
[WhiteElo "2574"]
[BlackElo "2565"]

1. d4 Nf6 2. c4 e6 3. Nf3 b6 4. g3 Bb7 5. Bg2 Be7 6. O-O O-O 7. Re1 Na6 8. Nc3
d5 9. Ne5 c5 10. cxd5 exd5 11. Bf4 Ne4 12. Nxe4 dxe4 13. dxc5 Nxc5 14. Qc2 Rc8
15. Red1 Qe8 16. Bh3 Ne6 17. Qb3 Nc5 18. Qc2 Ne6 19. Qb3 Nc5 20. Qe3 Rd8 21. Rac1
Bf6 22. Rxd8 Qxd8 23. Nc4 Qd5 24. Bg2 Ne6 25. Nd2 Bd4 26. Qxe4 Nxf4 27. gxf4 Bxf2+
28. Kxf2 Qxd2 29. Rc2 Bxe4 30. Rxd2 Bxg2 31. Kxg2 Rc8 32. Rd7 g6 33. Rxa7 Rc2
34. Kf3 Rxb2 1/2-1/2

[Event "Druzynowe Mistrzostwa Polski w Szachach I LIGA 2021"]
[Site "Szklarska Poreba"]
[Date "1899-12-30"]
[Round "5.3"]
[White "Kolosowski, Mateusz"]
[Black "Warakomski, Tomasz"]
[Result "0-1"]
[WhiteTitle "IM"]
[BlackTitle "GM"]
[WhiteElo "2448"]
[BlackElo "2513"]

1. e4 c5 2. Nf3 e6 3. g3 Nc6 4. Bg2 Nf6 5. Qe2 e5 6. O-O d6 7. c3 Be7 8. Na3 O-O
9. d3 Re8 10. Nc4 Bf8 11. Bg5 h6 12. Bxf6 Qxf6 13. Ne3 Qd8 14. Nd2 b5 15. f4 exf4
16. gxf4 Rb8 17. Qf3 Qh4 18. a4 b4 19. Ndc4 bxc3 20. bxc3 Bd7 21. Nd5 Ne7 22.
Nc7 Red8 23. Nb5 d5 24. Ne5 dxe4 25. dxe4 Bxb5 26. axb5 Rxb5 27. Rxa7 Rb2 28.
Nc4 Rc2 29. Raa1 Qf6 30. Rac1 Rxc1 31. Rxc1 Ng6 32. Rf1 Nh4 33. Qe3 Nxg2 34. Kxg2
Qg6+ 35. Kh1 Qa6 36. Qe2 Rb8 37. Qd3 Rb3 38. e5 Ra3 39. f5 Ra4 40. Rf4 Ra2 41.
Qe4 Qa4 42. Rf1 Rc2 43. e6 fxe6 44. f6 Kh8 45. fxg7+ Bxg7 46. Rd1 Rf2 47. Rd8+
Bf8 48. Qe5+ Kh7 49. Qe4+ Kg7 50. Kg1 Rf5 51. Nd2 Qd1+ 52. Kg2 Rg5+ 53. Kf2 Qg1+
54. Ke2 Rg2+ 55. Kd3 Rxd2+ 0-1

[Event "Druzynowe Mistrzostwa Polski w Szachach I LIGA 2021"]
[Site "Szklarska Poreba"]
[Date "1899-12-30"]
[Round "5.4"]
[White "Kantans, Toms"]
[Black "Sabuk, Piotr"]
[Result "1-0"]
[WhiteTitle "GM"]
[BlackTitle "IM"]
[WhiteElo "2481"]
[BlackElo "2393"]

1. e4 c6 2. d4 d5 3. exd5 cxd5 4. c4 Nf6 5. Nc3 e6 6. Nf3 Bb4 7. Bd3 dxc4 8. Bxc4
O-O 9. O-O b6 10. Bg5 Bb7 11. Qd3 Nbd7 12. Rac1 Rc8 13. a3 Bxc3 14. Rxc3 Rc7 15.
Bf4 Rc8 16. Bd6 Re8 17. Re1 Nd5 18. Rcc1 Nf8 19. Bg3 Ng6 20. h4 Qf6 21. Ng5 Ndf4
22. Bxf4 Qxf4 23. g3 Qg4 24. d5 Red8 25. Bb3 h6 26. Rxc8 Bxc8 27. dxe6 Qxg5 28.
exf7+ Kh7 29. hxg5 Rxd3 30. Bc2 Rf3 31. Re8 Rxf7 32. Rxc8 hxg5 33. b4 Kh6 34.
g4 Rf8 35. Rc7 Ne5 36. Rxa7 Nxg4 37. Ra6 Rf6 38. a4 Nxf2 39. a5 Nh3+ 40. Kh2 Kh5
41. Kxh3 g4+ 42. Kg2 Rc6 43. Ba4 1-0

[Event "Druzynowe Mistrzostwa Polski w Szachach I LIGA 2021"]
[Site "Szklarska Poreba"]
[Date "1899-12-30"]
[Round "5.5"]
[White "Dubinski, Mateusz"]
[Black "Schippers, Maurice"]
[Result "1/2-1/2"]
[WhiteTitle "FM"]
[BlackTitle "FM"]
[WhiteElo "2223"]
[BlackElo "2285"]

1. d4 Nf6 2. c4 g6 3. Nc3 Bg7 4. e4 d6 5. Nf3 O-O 6. Be2 e5 7. Be3 exd4 8. Nxd4
Re8 9. f3 c6 10. Bf2 d5 11. exd5 cxd5 12. O-O Nc6 13. c5 Bf8 14. Kh1 Bd7 15. Qd2
Rc8 16. Nxc6 bxc6 17. a3 Nh5 18. Ba6 Rb8 19. b4 Qf6 20. Ne2 Bg7 21. Nd4 Nf4 22.
Rae1 h5 23. Rxe8+ Rxe8 24. Re1 Rxe1+ 25. Qxe1 h4 26. h3 Nh5 27. a4 Ng3+ 28. Kg1
Bh6 29. b5 Bf4 30. Nxc6 Bxc6 31. bxc6 Qxc6 32. Bb5 Qf6 33. c6 d4 34. Qe8+ Kg7
35. Bd3 Be5 36. c7 Bxc7 37. Qd7 Be5 38. Qxa7 Qf4 39. Qc5 Nh1 40. Bxh4 g5 41. g3
Qe3+ 42. Kxh1 Qxf3+ 43. Kh2 Qf2+ 44. Kh1 Qe1+ 45. Kg2 gxh4 46. Qc2 Qxg3+ 47. Kf1
Qf3+ 48. Kg1 Kh6 49. Bf1 Bf4 50. Qg2 Be3+ 51. Kh1 Qf5 52. Qe2 Qe4+ 53. Qg2 Qf5
54. Qe2 Bg5 55. Qd3 Qf2 56. Qe2 Qg3 57. Qg2 Qe1 58. Qf3 Kg7 59. Qe2 Qxe2 60. Bxe2
Bd2 61. Bd3 Kf6 62. Kg2 Ke5 63. Kf3 Kd5 64. Kg4 Be1 65. a5 Bxa5 66. Kxh4 Kc5 67.
Kg4 Kb4 68. Kf3 Kc3 69. Ke2 Bd8 1/2-1/2

[Event "Druzynowe Mistrzostwa Polski w Szachach I LIGA 2021"]
[Site "Szklarska Poreba"]
[Date "1899-12-30"]
[Round "5.6"]
[White "Warakomska, Anna"]
[Black "Toma, Katarzyna"]
[Result "1/2-1/2"]
[WhiteTitle "WGM"]
[BlackTitle "WGM"]
[WhiteElo "2279"]
[BlackElo "2289"]

1. e4 c5 2. Nf3 d6 3. Bb5+ Nd7 4. d4 cxd4 5. Nxd4 a6 6. Ba4 Ngf6 7. O-O e5 8. Nf5
b5 9. Bb3 Nc5 10. f4 Nxb3 11. axb3 Nxe4 12. fxe5 dxe5 13. Qf3 Bxf5 14. Qxf5 Bc5+
15. Kh1 Nf2+ 16. Rxf2 Bxf2 17. Nc3 Bc5 18. Bg5 f6 19. Ne4 Be7 20. Be3 Qd7 21.
Qh5+ g6 22. Qh6 Qc6 23. Nc3 Bf8 24. Qh3 Rd8 25. Rf1 Bg7 26. Qg4 O-O 27. h4 f5
28. Qe2 b4 29. Na4 Rc8 30. Nc5 Rfd8 31. h5 Qb5 32. Qf2 f4 33. hxg6 hxg6 34. Ne6
Re8 35. Ng5 Rxc2 36. Qxc2 Qxf1+ 37. Bg1 e4 38. Qc6 Re5 39. Qxg6 Rxg5 40. Qxg5
e3 41. Qd5+ Kf8 42. Qd8+ Kf7 43. Qd7+ Kf6 44. Qd8+ Kg6 45. Qe8+ Kf5 46. Qd7+ Ke4
47. Qc6+ Kf5 48. Qd7+ Kg6 1/2-1/2

[Event "Druzynowe Mistrzostwa Polski w Szachach I LIGA 2021"]
[Site "Szklarska Poreba"]
[Date "1899-12-30"]
[Round "5.7"]
[White "Sieciechowicz, Marcin"]
[Black "Paszewski, Mateusz"]
[Result "1/2-1/2"]
[WhiteTitle "IM"]
[BlackTitle "FM"]
[WhiteElo "2362"]
[BlackElo "2282"]

1. d4 d5 2. c4 c6 3. Nf3 Nf6 4. Nc3 e6 5. e3 Nbd7 6. Qc2 Bd6 7. b3 O-O 8. Be2 b6
9. O-O Bb7 10. Bb2 Qe7 11. Rac1 Rac8 12. Rfd1 Rfd8 13. g3 c5 14. cxd5 exd5 15.
Bf1 a6 16. Bg2 Nf8 17. dxc5 bxc5 18. Nh4 Be5 19. Na4 Bxb2 20. Qxb2 Ne6 21. Nf5
Qf8 22. h3 Bc6 23. Qa3 g6 24. Nh4 d4 25. Nb6 Rb8 26. Nc4 Bxg2 27. Kxg2 Nd5 28.
exd4 1/2-1/2

[Event "Druzynowe Mistrzostwa Polski w Szachach I LIGA 2021"]
[Site "Szklarska Poreba"]
[Date "1899-12-30"]
[Round "5.8"]
[White "Koziorowicz, Michal"]
[Black "Reza, Wojciech"]
[Result "1-0"]
[WhiteTitle "k+"]
[BlackTitle "FM"]
[WhiteElo "2274"]
[BlackElo "2259"]

1. e4 e5 2. Nf3 Nc6 3. Nc3 Nf6 4. d4 exd4 5. Nd5 Nb4 6. Bc4 Nbxd5 7. exd5 Bb4+
8. Kf1 O-O 9. Qxd4 h6 10. Bd3 Qe7 11. c4 Re8 12. Bf4 d6 13. a3 Bc5 14. Qc3 a5
15. Re1 Qd8 16. Rxe8+ Nxe8 17. h3 Nf6 18. g4 b5 19. g5 b4 20. Qd2 Nh5 21. a4 Bd7
22. b3 g6 23. Kg2 hxg5 24. Bxg5 Qf8 25. Bh6 Qc8 26. Ng5 Bf5 27. Be2 f6 28. Bxh5
gxh5 29. Kh2 Qd7 30. Rg1 fxg5 31. Qxg5+ Kh7 32. Qxh5 Qe8 33. Qxf5+ 1-0

[Event "Druzynowe Mistrzostwa Polski w Szachach I LIGA 2021"]
[Site "Szklarska Poreba"]
[Date "1899-12-30"]
[Round "5.9"]
[White "Plichta, Kamil"]
[Black "Ciesla, Adam"]
[Result "1-0"]
[WhiteTitle "FM"]
[BlackTitle "m"]
[WhiteElo "2396"]
[BlackElo "2276"]

1. Nf3 e6 2. e4 b6 3. d4 Bb7 4. Bd3 d6 5. O-O Nd7 6. Re1 Ne7 7. Nbd2 g6 8. Nf1
Bg7 9. Ng3 a6 10. c3 c5 11. Be3 Qc7 12. Qd2 h6 13. Qe2 e5 14. h4 Nf6 15. h5 Bc8
16. Nh2 O-O 17. dxe5 dxe5 18. a4 Nc6 19. Rad1 Kh7 20. Rb1 Nd8 21. Bc4 Ne6 22.
Bxe6 Bxe6 23. b4 cxb4 24. cxb4 Qb7 25. a5 b5 26. Bc5 Rfd8 27. Rbd1 Rd7 28. Rd6
Rad8 29. hxg6+ Kxg6 30. Rb6 Qc8 31. Nf3 Ng4 32. Nh4+ Kh7 33. Rxe6 Rd2 34. Qxg4
Qxe6 35. Ngf5 Bf6 36. Be3 Rg8 37. Qh5 Bg5 38. Bxd2 Bxd2 39. Rd1 Bxb4 40. Rd7 Rf8
41. Nf3 Qf6 42. g4 1-0

[Event "Druzynowe Mistrzostwa Polski w Szachach I LIGA 2021"]
[Site "Szklarska Poreba"]
[Date "1899-12-30"]
[Round "5.10"]
[White "Tomaszewski, Roman"]
[Black "Budrewicz, Krzysztof"]
[Result "1-0"]
[WhiteTitle "IM"]
[BlackTitle "m"]
[WhiteElo "2193"]
[BlackElo "2188"]

1. d4 g6 2. c4 Bg7 3. Nc3 d6 4. e4 c5 5. d5 Nf6 6. f4 O-O 7. Nf3 e6 8. Be2 exd5
9. exd5 Re8 10. O-O Na6 11. Bd3 Nc7 12. f5 Bxf5 13. Bxf5 gxf5 14. Nh4 Kh8 15.
Nxf5 Rg8 16. Bg5 Nce8 17. Nxg7 Rxg7 18. Ne4 Rxg5 19. Nxg5 Qe7 20. Re1 Qf8 21.
Qf3 Qg7 22. Qf5 h6 23. Nf3 Ng8 24. Re2 Nef6 25. Rae1 a6 26. Qf4 Rd8 27. Nh4 Nh5
28. Qf2 Ngf6 29. Nf5 Qg5 30. Rf1 b5 31. b3 bxc4 32. bxc4 Kh7 33. Qh4 Qg6 34. h3
Rd7 35. g4 Ng7 36. Nxg7 Kxg7 37. Rf5 Rb7 38. Kg2 Nh7 39. Qg3 Rb4 40. Qc3+ Kg8
41. Re8+ Nf8 42. Re7 Rb8 43. Kg3 Nh7 44. Rfxf7 Qxf7 45. Rxf7 Kxf7 46. Qe3 Nf6
47. Qe6+ Kg6 48. Qf5+ Kg7 49. h4 Rf8 50. h5 Kf7 51. Qg6+ Ke7 52. Qg7+ Rf7 53.
Qxh6 Ne4+ 54. Kh4 Nf6 55. g5 Ne8 56. Qe6+ Kf8 57. h6 Re7 58. Qg6 1-0

[Event "Druzynowe Mistrzostwa Polski w Szachach I LIGA 2021"]
[Site "Szklarska Poreba"]
[Date "1899-12-30"]
[Round "5.11"]
[White "Renkowski, Piotr"]
[Black "Kaliszuk, Kamil"]
[Result "1-0"]
[WhiteTitle "k+"]
[BlackTitle "I+"]
[WhiteElo "2178"]
[BlackElo "1717"]

1. c4 c6 2. d4 d5 3. Nc3 Nf6 4. Nf3 e6 5. e3 Nbd7 6. Bd3 Bd6 7. O-O O-O 8. e4 dxc4
9. Bxc4 b5 10. Bd3 e5 11. Bg5 Qc7 12. Rc1 Qb8 13. dxe5 Nxe5 14. Bxf6 gxf6 15.
Nxe5 fxe5 16. Qh5 Be6 17. Qh6 Qd8 18. Nd5 Be7 19. Rxc6 Kh8 20. Qh5 Bf6 21. Rd6
Qxd6 22. Nxf6 Kg7 23. Qg5+ Kh8 24. Qh6 1-0

[Event "Druzynowe Mistrzostwa Polski w Szachach I LIGA 2021"]
[Site "Szklarska Poreba"]
[Date "1899-12-30"]
[Round "5.12"]
[White "Lach, Aleksandra"]
[Black "Dwilewicz, Katarzyna"]
[Result "1-0"]
[WhiteTitle "WIM"]
[BlackTitle "WFM"]
[WhiteElo "2157"]
[BlackElo "2092"]

1. e4 c5 2. Nc3 e6 3. Nge2 d5 4. exd5 exd5 5. d4 Nf6 6. Bg5 Be6 7. Nf4 cxd4 8.
Qxd4 Nc6 9. Bb5 Be7 10. Qa4 Bd7 11. Bxf6 Bxf6 12. Nfxd5 Be5 13. O-O-O O-O 14.
f4 Bb8 15. Qe4 Re8 16. Qf3 Qh4 17. g3 Qh3 18. Qf2 a6 19. Bf1 Qe6 20. Qd2 Ne7 21.
Bc4 Nxd5 22. Bxd5 Qb6 23. Bxf7+ Kxf7 24. Qxd7+ Kf8 25. Qf5+ Kg8 26. Rd7 Qe3+ 27.
Kb1 Qe6 28. Qxe6+ Rxe6 29. Rd8+ Kf7 30. Rhd1 Re7 31. a3 b5 32. Nd5 Rb7 33. Nb4
a5 34. Nc6 Rb6 35. Ne5+ Ke6 36. Re8+ Kf5 37. Rdd8 b4 38. Rf8+ Ke4 39. Nd7 1-0

[Event "Druzynowe Mistrzostwa Polski w Szachach I LIGA 2021"]
[Site "Szklarska Poreba"]
[Date "1899-12-30"]
[Round "5.13"]
[White "Marszalek, Maciej"]
[Black "Kosakowski, Jakub"]
[Result "1/2-1/2"]
[WhiteTitle "FM"]
[BlackTitle "IM"]
[WhiteElo "2291"]
[BlackElo "2445"]

1. d4 Nf6 2. c4 g6 3. g3 c6 4. Nf3 Bg7 5. Bg2 d5 6. O-O O-O 7. Ne5 dxc4 8. Na3
Be6 9. Naxc4 Nfd7 10. Nxd7 Nxd7 11. Qd3 Bxc4 12. Qxc4 Nb6 13. Qb4 Bxd4 14. Bh6
Bg7 15. Rfd1 Qc7 16. Bg5 Qe5 17. Bxe7 Rfe8 18. Bc5 Qxb2 19. Rab1 Qxa2 20. Bxb6
axb6 21. Qxb6 Qxe2 22. Qxb7 Ra2 23. Rf1 Bd4 24. Qxc6 Bxf2+ 25. Kh1 Re6 26. Qf3
h5 27. Qxe2 Rexe2 28. Bd5 Rad2 29. Rbd1 Rxd1 30. Rxd1 Kg7 31. Bc4 Rc2 32. Bb3
Rb2 33. Bc4 f5 34. Rd7+ Kf6 35. Rd6+ Kg7 36. Rd7+ Kh6 37. Rd6 Kg5 38. h4+ Kh6
39. Bf7 Kg7 40. Bxg6 Bxg3 41. Rc6 Bxh4 42. Bxf5 Bf6 43. Rc2 Rb5 44. Rg2+ Kf8 45.
Rf2 Ra5 46. Bh3 Kg7 47. Rc2 Ra3 48. Bc8 Kh6 49. Kg2 h4 50. Rc6 Rg3+ 51. Kh1 Kg6
52. Rc4 Re3 53. Kg2 Be7 54. Bd7 Kh5 55. Rc8 Rg3+ 56. Kf2 Bf6 57. Rc5+ Kh6 58.
Rc6 Kg6 59. Rc4 Rd3 60. Bc6 Kg5 61. Be4 Ra3 62. Bf3 Ra2+ 63. Ke3 Ra3+ 64. Kf2
h3 65. Rc5+ Kf4 66. Rc4+ Kf5 67. Bc6 Ra2+ 68. Kg1 Rd2 69. Rc1 Kg4 70. Rf1 Bd4+
71. Kh1 Be5 72. Bb7 Rh2+ 73. Kg1 Rb2 74. Bc6 Rb3 75. Bd5 Rc3 76. Bb7 Rc7 77. Bd5
Kh4 78. Kh1 Rg7 79. Bc6 Rg4 80. Bd5 Rd4 81. Bc6 Rd2 82. Bb7 Kg3 83. Rf3+ Kg4 84.
Rf1 Rb2 85. Bc6 Rh2+ 86. Kg1 Rc2 87. Bd5 Bd4+ 1/2-1/2